Zahraničnoobchodné vzťahy integračných zoskupení ASEAN a MERCOSUR bakalárska práca

Salvato in:
Dettagli Bibliografici
Autore principale: Mištrík, Ján
Ente Autore: Obchodná fakulta EU. Katedra medzinárodného obchodu
Altri autori: Baumgartner, Boris
Natura: Libro
Lingua:slovacco
Pubblicazione: Bratislava 2018
Tags: Aggiungi Tag
Nessun Tag, puoi essere il primo ad aggiungerne!!

MARC

LEADER 00000nbm a2200000 4500
001 0245095
005 20180926143828.6
041 0 |a slo 
044 |a SK 
245 1 0 |a Zahraničnoobchodné vzťahy integračných zoskupení ASEAN a MERCOSUR  |b bakalárska práca  |c Ján Mištrík ; školiteľ: Boris Baumgartner 
264 1 |a Bratislava  |c 2018 
300 |a 41 s. 
100 1 |a Mištrík, Ján 
700 1 |a Baumgartner, Boris 
710 2 |a Obchodná fakulta EU. Katedra medzinárodného obchodu